Statistics for Mykelti Williamson Filmography

Click here to take the quiz!

General Stats

  • This quiz has been taken 4 times
    (2 since last reset)
  • The average score is 43 of 127

Answer Stats

TypeYearName% Correct
Film1994Forrest Gump
100%
Film1995Heat
100%
TV Show2004Monk
100%
TV Film199712 Angry Men
50%
TV Show201024
50%
Film2004After the Sunset
50%
Film2001Ali
50%
TV Show1983Alice
50%
Film2006ATL
50%
Film2007August Rush
50%
TV Show1983-1984Bay City Blues
50%
Film2009Black Dynamite
50%
TV Show2002-2003Boomtown
50%
TV Film1997Buffalo Soldiers
50%
Film2022Butter
50%
Film2018Canal Street
50%
TV Show2017-2018Chicago P.D.
50%
TV Show1989China Beach
50%
Film2021Clean
50%
Film1997Con Air
50%
TV Show1984-1985Cover Up
50%
TV Show2016Criminal Minds: Beyond Borders
50%
TV Show2007-2009CSI: NY
50%
TV Show2016, 2017Designated Survivor
50%
TV Show1981Father Murphy
50%
Film2006Fatwa
50%
Theater2010Fences
50%
Film2016Fences
50%
TV Show1981Freebie and the Bean
50%
Film1993Free Willy
50%
Film1995Free Willy 2: The Adventure Home
50%
Film2005Get Rich or Die Tryin'
50%
Film1998Gideon
50%
TV Show1984Gimme a Break!
50%
TV Show2015, 2016Hawaii Five-0
50%
Film2010High School
50%
TV Show1983-1986Hill Street Blues
50%
TV Film2000Holiday Heart
50%
Film2014Hollows Grove
50%
Film1995How to Make an American Quilt
50%
TV Show2018Insecure
50%
TV Show1987J.J. Starbuck
50%
TV Show2012-2015Justified
50%
TV Show2006-2007Kidnapped
50%
TV Show2021-2022Law & Order: Organized Crime
50%
Film2006Lucky Number Slevin
50%
TV Show1984, 1985Miami Vice
50%
TV Show2014Nashville
50%
Film1987Number One with a Bullet
50%
TV Film2002Our America
50%
TV Show2009Psych
50%
TV Show2007Raines
50%
TV Show2017Rebel
50%
Film2018Saint Judy
50%
TV Show1979Salvage 1
50%
TV Show2012Single Ladies
50%
TV Film1996Soul of the Game
50%
Film1998Species II
50%
Film2007Spinning Into Butter
50%
TV Show1978Starsky and Hutch
50%
Film1984Streets of Fire
50%
Film1979Sunnyside
50%
TV Show1987-1988The Bronx Zoo
50%
Film1986The Delta Force
50%
Film2009The Final Destination
50%
Film1990The First Power
50%
TV Show2000-2001The Fugitive
50%
TV Show2010The Good Wife
50%
TV Show1999-2000The Hoop Life
50%
TV Show1986The Love Boat
50%
TV Show1995The Outer Limits
50%
Film2016The Purge: Election Year
50%
TV Show1980The Righteous Apples
50%
TV Show1979, 1981The White Shadow
50%
TV Show2005Third Watch
50%
Film1999Three Kings
50%
Film2018Thriller
50%
TV Show1994Time Trax
50%
TV Show2016Underground
50%
Film2008Vice
50%
Film1995Waiting to Exhale
50%
Film1986Wildcats
50%
TV Film1990A Killer Among Us
0%
Film2008Ball Don't Lie
0%
Director2020-2021Chicago Med
0%
TV Pilot2014Clementine
0%
Film2017Convergence
0%
TV Film1982Desperate Lives
0%
Theater1993-1994Distant Fires
0%
Film2019Don't Let Go
0%
Film1997Double Tap
0%
Film2020Emperor
0%
Director2021FBI
0%
TV Film2011Have a Little Faith
0%
TV Film1999Having Our Say: The Delany Sisters' First 100 Years
0%
Music Video1984I Can Dream About You
0%
Director2012Jennifer
0%
TV Show2006Justice
0%
Web Series2013Lauren
0%
TV Show2018-2019Lethal Weapon
0%
TV Show1988-1991Midnight Caller
0%
Film1988Miracle Mile
0%
Short Film2009My Summer Friend
0%
Film2022North of the 10
0%
TV Pilot2008One Hogan Place
0%
TV Film1993Other Women's Children
0%
TV Film1988Police Story: Monster Manor
0%
Film1998Primary Colors
0%
TV Show2011Rizzoli & Isles
0%
Film2018Run the Race
0%
TV Show2014Scorpion
0%
Director2023Spring Breakthrough
0%
Director2022Sweet Magnolias
0%
Film2020The 24th
0%
Film2004The Assassination of Richard Nixon
0%
TV Film2022The Holiday Stocking
0%
TV Show1991-1993The New WKRP in Cincinnati
0%
TV Pilot2004The Secret Service
0%
TV Show2013Touch
0%
TV Show2002Touched by an Angel
0%
Film1997Truth or Consequences, N.M.
0%
TV Film2013Twist of Fate
0%
Web Series2020Two Degrees
0%
Documentary2012Universal Babe
0%
TV Pilot2014Wild Blue
0%
Film2015You Bury Your Own
0%
Film1987You Talkin' to Me?
0%

Score Distribution

Percentile by Number Answered

Percent of People with Each Score

Your Score History

You have not taken this quiz since the last reset